Detalles MARC
| 000 -CABECERA |
| campo de control de longitud fija |
01564nam a2200265 a 4500 |
| 001 - NÚMERO DE CONTROL |
| campo de control |
000020694 |
| 003 - IDENTIFICADOR DEL NÚMERO DE CONTROL |
| campo de control |
DO-SdBNP |
| 005 - FECHA Y HORA DE LA ÚLTIMA TRANSACCIÓN |
| campo de control |
20260303090147.0 |
| 008 - DATOS DE LONGITUD FIJA--INFORMACIÓN GENERAL |
| campo de control de longitud fija |
100812s2018 000 0 eng d |
| 020 ## - NÚMERO INTERNACIONAL ESTÁNDAR DEL LIBRO |
| Número Internacional Estándar del Libro |
9789945613032 |
| 040 ## - FUENTE DE LA CATALOGACIÓN |
| Centro catalogador/agencia de origen |
DO-SdBNP |
| Lengua de catalogación |
spa |
| Centro/agencia transcriptor |
BNPHU |
| 100 1# - ENTRADA PRINCIPAL--NOMBRE DE PERSONA |
| Nombre de persona |
Cabrera Prieto, Gerardo |
| 9 (RLIN) |
43439 |
| 245 10 - MENCIÓN DE TÍTULO |
| Título |
Documentos de la República Dominicana en el archivo nacional de Cuba / |
| Mención de responsabilidad, etc. |
Gerardo Cabrera Prieto ; presentación, Eliades Acosta Matos. |
| 260 ## - PUBLICACIÓN, DISTRIBUCIÓN, ETC. |
| Lugar de publicación, distribución, etc. |
Santo Domingo : |
| Nombre del editor, distribuidor, etc. |
Archivo General de la Nación, |
| Fecha de publicación, distribución, etc. |
2018. |
| 300 ## - DESCRIPCIÓN FÍSICA |
| Extensión |
503 p. , |
| Dimensiones |
23 cm. |
| 490 0# - MENCIÓN DE SERIE |
| Mención de serie |
Archivo General de la Nación |
| Designación de volumen o secuencia |
348 |
| 500 ## - NOTA GENERAL |
| Nota general |
Incluye datos biográficos del autor en las solapas |
| 500 ## - NOTA GENERAL |
| Nota general |
Incluye índice onomástico |
| 500 ## - NOTA GENERAL |
| Nota general |
Incluye referencias bibliográficas y notas al pie de las páginas. |
| 505 ## - NOTA DE CONTENIDO CON FORMATO |
| Nota de contenido con formato |
Presentación -- |
| Título |
Prólogo -- |
| -- |
Iglesia, enseñanza y documentos legales -- |
| -- |
Tierras, ingenios y hacendados -- |
| -- |
Ley, esclavitud y resistencia -- |
| -- |
Emigración, sociedad y vida cotidiana -- |
| -- |
Máximo Gómez, Santo Domingo y la independencia de Cuba -- |
| -- |
Máximo Gómez en Santo Domingo y Santo Domingo en la vida de Máximo Gómez -- |
| -- |
Santo Domingo, relaciones diplomáticas y defensa del derecho a la libertad -- |
| -- |
-La justicia en Santo Domingo -- |
| -- |
La justicia en Santo Domingo -- |
| -- |
Santo Domingo después del restablecimiento del dominio colonial español -- |
| 700 1# - PUNTO DE ACCESO ADICIONAL--NOMBRE DE PERSONA |
| Nombre de persona |
Acosta Matos, Eliades, |
| Fechas asociadas al nombre |
1959- |
| Término indicativo de función/relación |
presentación |
| 9 (RLIN) |
74479 |
| 710 2# - PUNTO DE ACCESO ADICIONAL--NOMBRE DE ENTIDAD CORPORATIVA |
| Nombre de entidad corporativa o nombre de jurisdicción como elemento de entrada |
Archivo General de la Nación (República Dominicana) |
| 9 (RLIN) |
85400 |
| 942 ## - ELEMENTOS DE PUNTO DE ACCESO ADICIONAL (KOHA) |
| Fuente del sistema de clasificación o colocación |
Dewey Decimal Classification |
| Tipo de ítem Koha |
Libros y folletos |
| 956 ## - LOCALIZACIÓN Y ACCESO ELECTRÓNICOS LOCAL (OCLC) |
| Nombre del host |
LOPEREZ |